000 00815cam a22002415a 4500
001 E152948
008 110517s2010 xxk f 000 0 eng d
020 _a9781848061361
035 _a(Sirsi) u152948
041 0 _aeng
100 1 _aReynolds, Tim
245 0 0 _aDrying distortion of timber
_bguidance on selection, conditioning and handling
260 _aGarston
_bBRE
_c2010
300 _a6p.
_bcol. ill.
_c30cm.
490 0 _aBRE Digest
_vDG 514
520 _aLooks at the reasons for drying distortion in timber and offers guidance on avoiding such distortion through care in selection, conditioning and installation of timber.
521 _aAdvanced
590 _aKA
651 4 _aUnited Kingdom
_y
690 _aBUILT ENVIRONMENT-BUILDING MATERIALS-TIMBER
700 1 _aHolland, Chris
942 _n0
999 _c112289
_d112289